[Event "Ann Arbor (Mini-Swiss/3/9)"]
[Site "?"]
[Date "1996.??.??"]
[Round "?"]
[White "Swartz, J."]
[Black "Kane, Paul"]
[Result "1-0"]
[WhiteElo "1605"]
[BlackElo "1610"]
[PlyCount "107"]
[EventDate "1996.??.??"]

{3/(9)} 1. d4 d5 2. c4 c6 3. cxd5 cxd5 4. Nc3 Nf6 5. Bf4 Bf5 6. f3 e6 7. e3 Bd6
8. Bb5+ Nc6 9. Qa4 Qc7 10. Be5 Bxe5 11. dxe5 Nd7 12. f4 O-O 13. Nge2 a6 14.
Bxc6 bxc6 15. Nd4 Rfc8 16. Nxf5 exf5 17. Qc2 g6 18. O-O Nc5 19. Rac1 Qb6 20.
Ne2 Ne4 21. Nd4 c5 22. Nb3 Rc7 23. Qd1 c4 24. Qxd5 Qxe3+ 25. Kh1 Rac8 26. Qd4
Qxd4 27. Nxd4 c3 28. bxc3 Nxc3 29. Rf2 Nd5 30. Rfc2 Rxc2 31. Rxc2 Rxc2 32. Nxc2
Nxf4 33. Nb4 a5 34. Nc6 a4 35. g3 Nd3 36. Kg1 Kf8 37. Kf1 Ke8 38. Ke2 Nc5 39.
Ke3 Kd7 40. Nd4 Ne6 41. Nb5 Kc6 42. Nc3 Nc5 43. Kd4 g5 44. Kc4 h5 45. Nd5 Nd7
46. Ne7+ Kc7 47. Kd4 f6 48. Nd5+ Kd8 49. Nxf6 h4 50. Nh5 Ke7 51. gxh4 gxh4 52.
Nf4 Nf8 53. Kc4 Ne6 54. Ng6+ 1-0

[Event "Ann Arbor (Mini-Swiss/1/7)"]
[Site "?"]
[Date "1996.??.??"]
[Round "?"]
[White "Swartz, J."]
[Black "Haddad, Wade"]
[Result "1-0"]
[WhiteElo "1605"]
[BlackElo "1605"]
[PlyCount "69"]
[EventDate "1996.??.??"]

{1/(7)} 1. d4 d5 2. c4 c6 3. Nc3 Nf6 4. Nf3 Bg4 5. e3 e6 6. Be2 Nbd7 7. O-O Be7
8. h3 Bh5 9. g4 Bg6 10. cxd5 cxd5 11. Bb5 O-O 12. Bd3 Bxd3 13. Qxd3 h6 14. Kg2
Nh7 15. Ne2 Ndf6 16. Ng3 b6 17. Bd2 Qc7 18. Rac1 Qb7 19. Rc2 Rac8 20. Rfc1 Rxc2
21. Rxc2 Bd6 22. a3 Ne4 23. Ne5 Nxd2 24. Qxd2 Rc8 25. f4 g5 26. f5 Rxc2 27.
Qxc2 Bxe5 28. dxe5 d4+ 29. e4 Nf8 30. Nh5 exf5 31. gxf5 Qe7 32. Nf6+ Kh8 33.
Ng4 h5 34. f6 Qe6 35. Nh6 1-0

[Event "Lansing (MOR/7/2)"]
[Site "?"]
[Date "1996.??.??"]
[Round "?"]
[White "Sundeen, David"]
[Black "Rosenberg, Steve"]
[Result "0-1"]
[WhiteElo "1715"]
[BlackElo "1755"]
[PlyCount "80"]
[EventDate "1996.??.??"]

{7/(2)} 1. e4 Nf6 2. Nc3 e5 3. f4 d6 4. Nf3 Bg4 5. Bc4 Qd7 6. O-O Nc6 7. d3 Nd4
8. Be3 Nxf3+ 9. gxf3 Bh3 10. Rf2 g6 11. Qe2 Bg7 12. Kh1 exf4 13. Bxf4 Nh5 14.
Bg3 Bd4 15. e5 O-O-O 16. Qd2 dxe5 17. Re2 Qf5 18. Bd5 Rxd5 19. Nxd5 Qxf3+ 20.
Rg2 Qxd5 21. c3 Bxg2+ 22. Qxg2 Nxg3+ 23. hxg3 Qxg2+ 24. Kxg2 Bb6 25. Re1 f6 26.
Kf3 Kd7 27. g4 Re8 28. Re2 h5 29. gxh5 gxh5 30. Rh2 Rh8 31. Rh4 Ke6 32. b4 Kf5
33. a4 c6 34. a5 Bc7 35. c4 Kg5 36. Rh1 Rh7 37. Rg1+ Kf5 38. Rh1 h4 39. Rh3 Kg5
40. Rh1 f5 0-1

[Event "Lansing (MOR/4/13)"]
[Site "?"]
[Date "1996.??.??"]
[Round "?"]
[White "Sundeen, David"]
[Black "Raupp, Kenneth A"]
[Result "1-0"]
[WhiteElo "1715"]
[BlackElo "1605"]
[PlyCount "159"]
[EventDate "1996.??.??"]

{4/(13)} 1. e4 e6 2. d4 d5 3. exd5 exd5 4. Bd3 Bd6 5. Nc3 Ne7 6. Nf3 c6 7. O-O
O-O 8. Ng5 h6 9. Qh5 Nd7 10. Nh7 Re8 11. Ng5 hxg5 12. Qh7+ Kf8 13. Qh8+ Ng8 14.
Bh7 Ndf6 15. Bxg5 Ke7 16. Qxg7 Kd7 17. Rae1 Be7 18. Bf5+ Kc7 19. Bf4+ Kb6 20.
Bd3 Be6 21. Na4+ Ka5 22. b3 b5 23. Bd2+ Ka6 24. Nc5+ Bxc5 25. dxc5 Kb7 26. Bg6
Re7 27. Bg5 Qf8 28. Qxf8 Rxf8 29. Bd3 Rfe8 30. h4 Bg4 31. Rxe7+ Rxe7 32. f3 Bh5
33. Kf2 Bg6 34. g4 Re8 35. h5 Bxd3 36. cxd3 Nh7 37. Bd2 Ngf6 38. Rh1 Rg8 39.
Re1 Re8 40. Rxe8 Nxe8 41. g5 Ng7 42. h6 Ne6 43. f4 Nxc5 44. Ke3 Ne6 45. Kf3 Kc8
46. Kg4 Kd7 47. f5 Nef8 48. Kh5 Ke7 49. Bb4+ Ke8 50. Bc3 Ke7 51. g6 fxg6+ 52.
fxg6 Nf6+ 53. Bxf6+ Kxf6 54. g7 Kf7 55. gxf8=Q+ Kxf8 56. Kg6 Kg8 57. Kf6 Kh7
58. Ke5 Kxh6 59. Kd6 Kg5 60. Kxc6 d4 61. Kd5 Kf6 62. Kxd4 Ke6 63. Kc5 Kd7 64.
Kxb5 Kc7 65. Kc5 a6 66. d4 a5 67. a4 Kd7 68. Kd5 Kc8 69. Kd6 Kd8 70. d5 Kc8 71.
Ke7 Kb7 72. d6 Ka7 73. d7 Kb7 74. d8=Q Ka6 75. Qd6+ Ka7 76. Kd7 Kb7 77. Qc6+
Kb8 78. Qb5+ Ka7 79. Kc7 Ka8 80. Qb7# 1-0

[Event "Howell (US Am N/6/20)"]
[Site "?"]
[Date "1996.??.??"]
[Round "?"]
[White "Sundeen, David"]
[Black "Kyser, Bob"]
[Result "1/2-1/2"]
[WhiteElo "1705"]
[BlackElo "1605"]
[PlyCount "211"]
[EventDate "1996.??.??"]

{6/(20)} 1. e4 Nc6 2. f4 e5 3. Nf3 exf4 4. d4 d5 5. exd5 Qxd5 6. Bxf4 Bd6 7.
Bxd6 Qxd6 8. c3 Bg4 9. Be2 Qe7 10. O-O O-O-O 11. Nbd2 Nf6 12. Bb5 Rd6 13. Re1
Qd8 14. Bxc6 Rxc6 15. Qc2 g6 16. Kh1 Bxf3 17. Nxf3 Nd7 18. Re2 Re8 19. Rae1
Rxe2 20. Rxe2 Re6 21. Rxe6 fxe6 22. Qe4 Qf6 23. Kg1 Qf5 24. Qe2 Qb1+ 25. Kf2
Qxa2 26. c4 Qa6 27. Ng5 Nf8 28. d5 Qb6+ 29. Kf3 Kd7 30. dxe6+ Nxe6 31. Nxe6
Qxe6 32. Qd1+ Qd6 33. Qb3 Qc6+ 34. Kf2 b6 35. Qd1+ Kc8 36. g3 Qf6+ 37. Ke3 Qxb2
38. Qg4+ Kb8 39. Qh4 Qe5+ 40. Kd2 Qb2+ 41. Ke3 Qc3+ 42. Ke2 a5 43. Qd8+ Kb7 44.
Qd5+ Ka7 45. Qc6 Qe5+ 46. Kf3 Qd6 47. Qa4 Qd3+ 48. Kg2 Qd2+ 49. Kh3 h5 50. Qc6
Qd6 51. Qa4 g5 52. Qb5 Qe6+ 53. Kg2 Qe2+ 54. Kg1 Qe3+ 55. Kg2 Qc5 56. Qa4 c6
57. Qb3 Qb4 58. Qd3 Qb2+ 59. Kf3 Qf6+ 60. Kg2 Qf7 61. Qe4 g4 62. Qc2 Qf3+ 63.
Kg1 Qe3+ 64. Kg2 Ka6 65. Kf1 Qf3+ 66. Kg1 Qe3+ 67. Kg2 Qc5 68. Qe4 b5 69. cxb5+
Qxb5 70. Qe8 Qb7 71. Qe2+ Qb5 72. Qe8 Qd5+ 73. Kg1 Kb5 74. Qb8+ Ka4 75. Qf4+
Ka3 76. Qc1+ Kb4 77. Qb2+ Kc5 78. Qa3+ Kb6 79. Qb2+ Qb5 80. Qf6 a4 81. Qd8+ Kc5
82. Qg5+ Kb4 83. Qd2+ Ka3 84. Qc1+ Kb4 85. Qd2+ Kc5 86. Qg5+ Kb6 87. Qd8+ Kb7
88. Qd7+ Ka6 89. Qd6 Qb1+ 90. Kf2 Qc2+ 91. Kg1 a3 92. Qxa3+ Kb5 93. Qa8 Qc5+
94. Kf1 Qc1+ 95. Kg2 Qd2+ 96. Kg1 Qe1+ 97. Kg2 Qe2+ 98. Kg1 Qe3+ 99. Kg2 Qf3+
100. Kg1 c5 101. Qe8+ Kc4 102. Qa4+ Kd5 103. Qd7+ Kc4 104. Qa4+ Kd5 105. Qd7+
Kc4 106. Qa4+ 1/2-1/2

[Event "Lansing (MOR/2/7)"]
[Site "?"]
[Date "1996.??.??"]
[Round "?"]
[White "Sundeen, David"]
[Black "Iyer, Krishnan"]
[Result "1-0"]
[WhiteElo "1715"]
[BlackElo "1605"]
[PlyCount "123"]
[EventDate "1996.??.??"]

{2/(7)} 1. e4 b6 2. d4 e6 3. Nf3 Bb7 4. Bd3 d5 5. e5 c5 6. c3 Nd7 7. O-O g6 8.
Re1 Bg7 9. Nbd2 c4 10. Bc2 h5 11. Nf1 Bh6 12. h3 Qe7 13. Ng3 O-O-O 14. b4 h4
15. Nf1 f6 16. a4 fxe5 17. Nxe5 Nxe5 18. Rxe5 Bxc1 19. Qxc1 Qf6 20. Qe3 Rd6 21.
Nh2 Nh6 22. Re1 Kd7 23. Nf3 Nf7 24. Ng5 Nd8 25. b5 Bc8 26. Bd1 Kc7 27. Bg4 Re8
28. Ra1 Rd7 29. Qd2 Rde7 30. Qb2 Nb7 31. Rae1 Na5 32. Nf3 Nb3 33. R5e3 Bd7 34.
Ne5 Na5 35. Qc2 Rg8 36. R1e2 Bc8 37. Qb1 Nb7 38. Nc6 Ree8 39. Qc1 a5 40. Rf3
Qg7 41. Qf4+ Nd6 42. Ne5 Rgf8 43. Qc1 Rxf3 44. Nxf3 Nf5 45. Bxf5 gxf5 46. Qf4+
Kb7 47. Qxh4 Rg8 48. g3 Rh8 49. Qg5 Qf8 50. h4 Rg8 51. Qc1 f4 52. Ng5 f3 53.
Re3 Rxg5 54. hxg5 e5 55. Rxe5 Qf7 56. Qe1 Qh5 57. Re7+ Ka8 58. Re8 Qh3 59. Qf1
Qd7 60. Rf8 Qg4 61. Qd1 Qe6 62. Qxf3 1-0

[Event "Howell (US Am N/2/10)"]
[Site "?"]
[Date "1996.??.??"]
[Round "?"]
[White "Sundeen, David"]
[Black "Garrison, Ray"]
[Result "0-1"]
[WhiteElo "1705"]
[BlackElo "2000"]
[PlyCount "62"]
[EventDate "1996.??.??"]

{2/(10)} 1. e4 e6 2. e5 c5 3. Nc3 Nc6 4. Nf3 a6 5. g3 Qc7 6. Qe2 Nd4 7. Nxd4
cxd4 8. Ne4 Qxe5 9. d3 f5 10. Bf4 Qd5 11. Nd2 d6 12. Nc4 b5 13. Nb6 Qxh1 14.
Nxc8 Rxc8 15. f3 Be7 16. a3 g5 17. Bd2 g4 18. Qxe6 Rc6 19. O-O-O Rc5 20. Bb4
Re5 21. Qc8+ Kf7 22. f4 Re3 23. Bd2 Qxh2 24. Bxe3 dxe3 25. Be2 Qxe2 26. Qxa6
Qf2 27. Qxb5 Nf6 28. Qc4+ d5 29. Qd4 Rc8 30. c3 Rb8 31. c4 Bc5 0-1

[Event "Howell (US Am N/4/27)"]
[Site "?"]
[Date "1996.??.??"]
[Round "?"]
[White "Sundeen, David"]
[Black "Brumley, Ron"]
[Result "1-0"]
[WhiteElo "1705"]
[BlackElo "1605"]
[PlyCount "51"]
[EventDate "1996.??.??"]

{4/(27)} 1. e4 e5 2. f4 Bc5 3. Nf3 d6 4. Bc4 Nf6 5. Nc3 Bg4 6. d3 O-O 7. Na4 a6
8. Nxc5 dxc5 9. O-O Nc6 10. Qe1 exf4 11. c3 b5 12. Bb3 Qxd3 13. Bd1 Rfe8 14. e5
Bxf3 15. Bxf3 Rxe5 16. Qd2 Qxd2 17. Bxd2 Re6 18. Bxf4 Rc8 19. Rfe1 Nd8 20. Rad1
c6 21. Bg5 Ne8 22. Bg4 Rxe1+ 23. Rxe1 Ne6 24. Rxe6 h6 25. Bh4 g5 26. Rxh6 1-0

[Event "Lansing (MOR/1a/6)"]
[Site "?"]
[Date "1996.??.??"]
[Round "?"]
[White "Sundeen, David"]
[Black "Brauker, J."]
[Result "0-1"]
[WhiteElo "1715"]
[BlackElo "1605"]
[PlyCount "124"]
[EventDate "1996.??.??"]

1. e4 e6 2. e5 d5 3. d4 c5 4. c3 Nc6 5. Nf3 Qb6 6. Bd3 Bd7 7. Bc2 cxd4 8. cxd4
Nge7 9. O-O Nf5 10. Bxf5 exf5 11. Nc3 Be6 12. Ne2 Be7 13. b3 O-O 14. Bg5 f6 15.
exf6 Bxf6 16. Bxf6 Rxf6 17. Re1 Bf7 18. Nf4 Qc7 19. Rc1 Qxf4 20. Ne5 Nxe5 21.
dxe5 Re6 22. g3 Qb4 23. Qxd5 Rae8 24. Qd7 R6e7 25. Qxf5 Be6 26. Qg5 Rd7 27. Qe3
b6 28. Red1 Red8 29. Rxd7 Rxd7 30. Rc8+ Kf7 31. Qf3+ Kg6 32. Rc1 Qd4 33. Qe2
Bg4 34. Qc2+ Bf5 35. Qe2 Re7 36. Re1 Bd3 37. Qe3 Qxe3 38. Rxe3 Bf5 39. h4 Rc7
40. Kg2 Kf7 41. a3 Rc2 42. b4 Ke6 43. Kf3 Rd2 44. g4 Bc2 45. Kg3 Rd3 46. Rxd3
Bxd3 47. f4 g6 48. Kf3 Bc2 49. Ke3 Bd1 50. g5 Kd5 51. Kd3 Bg4 52. Ke3 Bf5 53.
a4 a5 54. b5 Bc2 55. Kf3 Bxa4 56. h5 Bxb5 57. f5 Kxe5 58. fxg6 Bc6+ 59. Kg4 Be4
60. gxh7 Bxh7 61. g6 Bxg6 62. hxg6 Kf6 0-1

[Event "Lansing (MOR/6/6)"]
[Site "?"]
[Date "1996.??.??"]
[Round "?"]
[White "Sundeen, David"]
[Black "Aldrich, Justin"]
[Result "1-0"]
[WhiteElo "1715"]
[BlackElo "1605"]
[PlyCount "81"]
[EventDate "1996.??.??"]

{6/(6)} 1. e4 e5 2. f4 exf4 3. Nf3 Nf6 4. e5 Nd5 5. Bc4 Nb6 6. Bb3 d6 7. O-O
Be7 8. d4 dxe5 9. Bxf7+ Kxf7 10. Nxe5+ Kg8 11. Rxf4 Be6 12. Qh5 Bf6 13. Nc3
N8d7 14. Be3 Qe8 15. Qf3 c6 16. Rf1 Bg5 17. Re4 Bxe3+ 18. Qxe3 Nd5 19. Nxd5
Bxd5 20. Ref4 Qe7 21. Kh1 Nf6 22. b3 h6 23. c4 Bf7 24. Qf3 Kf8 25. Qh3 Ke8 26.
Ng4 Be6 27. Nxf6+ gxf6 28. Qh5+ Kd7 29. Qf3 Raf8 30. Re1 Qg7 31. d5 cxd5 32.
cxd5 Bf7 33. d6 Rb8 34. Rxf6 Rhf8 35. Re7+ Kd8 36. Qf5 Qxg2+ 37. Kxg2 Rg8+ 38.
Kf2 Be8 39. Rf8 Rxf8 40. Qxf8 a6 41. Qxe8# 1-0

[Event "Howell (US Am N/2/37)"]
[Site "?"]
[Date "1996.??.??"]
[Round "?"]
[White "Sullivant-Jones, W."]
[Black "Spencer, Tyrone"]
[Result "1-0"]
[WhiteElo "1605"]
[BlackElo "1605"]
[PlyCount "35"]
[EventDate "1996.??.??"]

{2/(37)} 1. d4 d5 2. c4 e6 3. Nc3 Nf6 4. Nf3 Ng4 5. h3 Nf6 6. Bg5 c6 7. e4 Bb4
8. e5 Bxc3+ 9. bxc3 O-O 10. exf6 gxf6 11. Bh6 Re8 12. Nh4 e5 13. Kd2 exd4 14.
Qf3 dxc3+ 15. Qxc3 dxc4+ 16. Kc2 Qd6 17. f4 Bf5+ 18. Nxf5 1-0

[Event "Howell (US Am N/4/38)"]
[Site "?"]
[Date "1996.??.??"]
[Round "?"]
[White "Sullivant-Jones, W."]
[Black "Kyser, Bob"]
[Result "0-1"]
[WhiteElo "1605"]
[BlackElo "1605"]
[PlyCount "123"]
[EventDate "1996.??.??"]

{4/(38)} 1. d4 d5 2. c4 e6 3. Nc3 Nf6 4. Bg5 Be7 5. Nf3 h6 6. Bh4 c5 7. e3 Ne4
8. Bxe7 Nxc3 9. Bxd8 Nxd1 10. Rxd1 Kxd8 11. dxc5 Ke7 12. cxd5 exd5 13. Rxd5 Be6
14. Re5 Nd7 15. Rh5 g6 16. Rh4 Bxa2 17. b4 a5 18. bxa5 Rxa5 19. Re4+ Be6 20.
Be2 Ra1+ 21. Bd1 Nxc5 22. Rd4 Rd8 23. Ke2 Ra2+ 24. Rd2 Bc4+ 25. Ke1 Ne4 26.
Rxa2 Bxa2 27. Nd4 Kd6 28. Bf3 Nc5 29. Kd2 Bd5 30. Bxd5 Kxd5 31. Rb1 Rd7 32. Rb5
Kc4 33. Rb6 Ne4+ 34. Ke2 Kc5 35. Rb5+ Kc4 36. Rb6 Kc5 37. Rb2 Kd5 38. f3 Nc3+
39. Kd3 Na4 40. Rb5+ Nc5+ 41. Kc3 Rc7 42. Kb4 Kd6 43. Ka5 h5 44. e4 Rd7 45. Rb1
Ke5 46. Nb5 Rd2 47. Nc7 Rxg2 48. Rd1 Nb3+ 49. Kb6 Nd4 50. Kxb7 Rxh2 51. Rf1 Rh3
52. f4+ Kxe4 53. Ne8 Nf3 54. Nf6+ Kxf4 55. Kc6 Kf5 56. Ng8 Ke4 57. Nf6+ Ke3 58.
Ra1 g5 59. Ra3+ Kf4 60. Nd5+ Ke5 61. Re3+ Kd4 62. Ra3 0-1

[Event "Detroit (Class DE/1/8)"]
[Site "?"]
[Date "1996.??.??"]
[Round "?"]
[White "Sturgis, Derreck"]
[Black "Smeckert, Dennis"]
[Result "0-1"]
[WhiteElo "1605"]
[BlackElo "1605"]
[PlyCount "68"]
[EventDate "1996.??.??"]

{1/(8)} 1. d4 d5 2. c4 e5 3. dxe5 d4 4. Nf3 Nc6 5. e3 Bb4+ 6. Bd2 dxe3 7. fxe3
Nge7 8. Be2 Bxd2+ 9. Qxd2 Qxd2+ 10. Nbxd2 O-O 11. O-O h6 12. h3 Be6 13. b3 Rad8
14. Rad1 Ng6 15. g4 Ngxe5 16. Kh2 Bxg4 17. hxg4 Nxg4+ 18. Kh3 Nxe3 19. Rde1
Nxf1 20. Bxf1 Rfe8 21. Rc1 Nd4 22. Rc3 Nxf3 23. Nxf3 Rd1 24. Bg2 Red8 25. Ne5
f6 26. Ng6 R8d3+ 27. Rxd3 Rxd3+ 28. Kg4 Kf7 29. Nf4 Rd4 30. Kf5 c6 31. a3 Rd1
32. b4 Rd2 33. Be4 h5 34. Nxh5 g6+ 0-1

[Event "Detroit (Class DE/3/7)"]
[Site "?"]
[Date "1996.??.??"]
[Round "?"]
[White "Sturgis, Derreck"]
[Black "Hill, M."]
[Result "0-1"]
[WhiteElo "1605"]
[BlackElo "1605"]
[PlyCount "82"]
[EventDate "1996.??.??"]

{3/(7)} 1. d4 g6 2. e4 Bg7 3. Nf3 c6 4. c3 d5 5. e5 f6 6. Bf4 fxe5 7. Bxe5 Nf6
8. Bd3 O-O 9. Nbd2 Nbd7 10. Bf4 Ne4 11. Be3 Ndf6 12. h4 Bf5 13. Nxe4 dxe4 14.
Bc4+ Kh8 15. Nh2 Qd7 16. f3 Qc7 17. Qd2 Qg3+ 18. Bf2 Qc7 19. g4 Bd7 20. O-O-O
exf3 21. g5 Ne4 22. Qe3 Nxf2 23. Qxf2 Qf4+ 24. Kb1 Rad8 25. Ka1 e5 26. Rd3 e4
27. Re3 b5 28. Bb3 Rb8 29. Bc2 Bf5 30. Rhe1 Rbe8 31. Nf1 b4 32. Nd2 bxc3 33.
bxc3 c5 34. Bxe4 Bxe4 35. Rxe4 Rxe4 36. Rxe4 Qd6 37. Nxf3 cxd4 38. cxd4 Qa3 39.
Qe3 Qa4 40. Kb1 Qd1+ 41. Kb2 Rb8+ 0-1

[Event "Howell (MI Inv/4)"]
[Site "?"]
[Date "1996.??.??"]
[Round "?"]
[White "Strugach, L."]
[Black "Rajlich, Vasik"]
[Result "1-0"]
[WhiteElo "2345"]
[BlackElo "2195"]
[PlyCount "43"]
[EventDate "1996.??.??"]

1. d4 Nf6 2. Nc3 d5 3. Bg5 Bf5 4. Bxf6 exf6 5. e3 Bb4 6. Bd3 Qd7 7. Nge2 O-O 8.
a3 Ba5 9. b4 Bb6 10. Na4 Qxa4 11. Bxf5 a5 12. O-O Ra7 13. Nc3 Qc6 14. Qd3 g6
15. Bg4 f5 16. Bf3 Rd8 17. Nxd5 Qe6 18. c4 axb4 19. axb4 Nc6 20. c5 Rxa1 21.
Rxa1 Ba7 22. Nf4 1-0

[Event "Howell (MI Inv/1)"]
[Site "?"]
[Date "1996.??.??"]
[Round "?"]
[White "Strugach, L."]
[Black "Brooks, John"]
[Result "0-1"]
[WhiteElo "2345"]
[BlackElo "2220"]
[PlyCount "84"]
[EventDate "1996.??.??"]

1. d4 Nf6 2. Nc3 d5 3. Bg5 Bf5 4. e3 e6 5. Bd3 Bxd3 6. Qxd3 Nbd7 7. Nf3 Be7 8.
Ne5 Nxe5 9. dxe5 Nd7 10. Bf4 O-O 11. h4 c6 12. e4 Qb6 13. O-O-O Qxf2 14. Rdf1
Qb6 15. g4 Nc5 16. Qe2 Rad8 17. exd5 cxd5 18. Rh3 Qc6 19. Kb1 d4 20. Nd1 Rd7
21. Nf2 Qg2 22. Rg3 Qd5 23. g5 a5 24. Bd2 Na6 25. Ng4 Nb4 26. Bxb4 axb4 27.
Nf6+ Bxf6 28. gxf6 g6 29. Qd2 Kh8 30. Qxb4 Ra8 31. Ra3 Rc8 32. Qd2 b5 33. Ra5
Rg8 34. Re1 Qc6 35. Qd3 Rd5 36. Qg3 Rc5 37. a4 Rxc2 38. Rxb5 Rc8 39. Qd3 Rc4
40. Qd2 Rxa4 41. Rc1 Qe4+ 42. Rc2 Rac4 0-1

[Event "Detroit (Class C/2/8)"]
[Site "?"]
[Date "1996.??.??"]
[Round "?"]
[White "Strong, A."]
[Black "Spencer, Gordon"]
[Result "0-1"]
[WhiteElo "1605"]
[BlackElo "1605"]
[PlyCount "94"]
[EventDate "1996.??.??"]

{2/(8)} 1. d4 f5 2. Nf3 g6 3. c3 Bg7 4. Nbd2 Nf6 5. e3 d5 6. Bd3 O-O 7. Qc2 e6
8. Nf1 Bd7 9. Bd2 Be8 10. O-O-O Nbd7 11. h3 a6 12. N1h2 c5 13. g4 c4 14. Be2
Ne4 15. Be1 Bh6 16. h4 g5 17. hxg5 Nxg5 18. gxf5 Rxf5 19. Nh4 Rf8 20. Rg1 Kh8
21. f4 Ne4 22. Ng4 Rg8 23. Nf3 Bf8 24. Bh4 Be7 25. Bxe7 Qxe7 26. Nh6 Rg6 27.
Ng4 Bf7 28. Nfe5 Nxe5 29. fxe5 Rag8 30. Rdf1 h5 31. Nf6 Rxg1 32. Nxg8 Rxf1+ 33.
Bxf1 Bxg8 34. Qh2 Qg5 35. Qf4 Qxf4 36. exf4 Bh7 37. Kd1 Bf5 38. Ke1 Kh7 39. Ke2
Ng3+ 40. Kf2 Nxf1 41. Kxf1 Kg6 42. b4 b5 43. Kg2 Bg4 44. Kg3 Kf5 45. a3 Ke4 46.
f5 Bxf5 47. Kh4 Kd3 0-1

[Event "Flint (MI Senior/3/7)"]
[Site "?"]
[Date "1996.??.??"]
[Round "?"]
[White "Strong, A."]
[Black "Hencir, Edward"]
[Result "0-1"]
[WhiteElo "1605"]
[BlackElo "1680"]
[PlyCount "74"]
[EventDate "1996.??.??"]

{3/(7)} 1. d4 d5 2. c4 c6 3. Nf3 e6 4. Nc3 Nf6 5. Bg5 Nbd7 6. e3 Be7 7. cxd5
cxd5 8. Bd3 a6 9. O-O O-O 10. Rc1 Re8 11. Qc2 h6 12. Bh4 Nh5 13. Bxe7 Qxe7 14.
h3 f5 15. Ne2 Nhf6 16. Nh2 Ne4 17. f4 Rf8 18. Nf3 Kh7 19. Qb3 Qd8 20. Rc2 b5
21. Rfc1 Nb6 22. Ne5 Nc4 23. Bxc4 dxc4 24. Qb4 Bb7 25. Qe1 Bd5 26. a3 Qe7 27.
Ng3 Rad8 28. Nxe4 Bxe4 29. Rc3 g5 30. Qg3 Rg8 31. b3 gxf4 32. Qxf4 Rxg2+ 33.
Kf1 Rdg8 34. bxc4 Rg1+ 35. Ke2 R8g2+ 36. Qf2 Qg5 37. Qxg2 Rxg2+ 0-1

[Event "Kalamazoo (Swiss/2/7)"]
[Site "?"]
[Date "1996.??.??"]
[Round "?"]
[White "Stoughton, J."]
[Black "Witz, B."]
[Result "1-0"]
[WhiteElo "1700"]
[BlackElo "1605"]
[PlyCount "81"]
[EventDate "1996.??.??"]

{2/(7)} 1. e4 e5 2. Nf3 Nc6 3. d4 Bd6 4. Bc4 Nf6 5. Bg5 b6 6. O-O O-O 7. d5 Na5
8. Bd3 c5 9. Nc3 c4 10. Be2 Be7 11. d6 h6 12. dxe7 Qxe7 13. Bxf6 Qxf6 14. Qd5
Ba6 15. Qxe5 Qc6 16. Rfd1 Rfe8 17. Qd6 Qxd6 18. Rxd6 Re6 19. Rad1 Rxd6 20. Rxd6
Rd8 21. Ne5 Bc8 22. Nxc4 Nb7 23. Rd2 Nc5 24. Nd6 Ba6 25. Bxa6 Nxa6 26. Nb7 Re8
27. Rxd7 f5 28. Rd8 Rxd8 29. Nxd8 g6 30. exf5 gxf5 31. Nc6 Kg7 32. a3 Kg6 33.
Nxa7 Kg5 34. Nc8 h5 35. Nxb6 Nc5 36. b4 Ne6 37. Ne2 f4 38. f3 h4 39. Nd5 Kf5
40. Kf2 Kg5 41. c4 1-0

[Event "Kalamazoo (Swiss/4/4)"]
[Site "?"]
[Date "1996.??.??"]
[Round "?"]
[White "Stoughton, J."]
[Black "Evans Sr., Thomas"]
[Result "1-0"]
[WhiteElo "1700"]
[BlackElo "1605"]
[PlyCount "94"]
[EventDate "1996.??.??"]

{4/(4)} 1. e4 e5 2. Nf3 Nc6 3. d4 exd4 4. Bc4 Be7 5. Nxd4 Nxd4 6. Qxd4 Bf6 7.
e5 Qe7 8. Qd5 Qxe5+ 9. Be3 Qxd5 10. Bxd5 Ne7 11. c3 O-O 12. Bc4 c6 13. O-O d5
14. Bd3 Nf5 15. Bc5 Re8 16. Nd2 b6 17. Ba3 c5 18. Rfe1 Be6 19. Rad1 d4 20. c4
Nd6 21. b3 a6 22. h3 b5 23. Bxc5 Be7 24. Bxd4 Nf5 25. Nf3 Nxd4 26. Nxd4 Bb4 27.
Nxe6 Ra7 28. Re2 fxe6 29. cxb5 axb5 30. Bxb5 Rea8 31. a4 Re7 32. Rd7 Rxd7 33.
Bxd7 Kf8 34. Bxe6 Rd8 35. g3 Rd2 36. Rxd2 Bxd2 37. Kf1 h6 38. Ke2 Bb4 39. f4
Ke7 40. f5 g6 41. g4 gxf5 42. Bxf5 Kf6 43. Kd3 Kg5 44. Kc4 Bf8 45. a5 Bd6 46.
b4 Kf6 47. b5 Ke7 1-0

[Event "Ann Arbor (Mini-Swiss/1/10)"]
[Site "?"]
[Date "1996.??.??"]
[Round "?"]
[White "Stockman, David"]
[Black "Mellas, Jim"]
[Result "0-1"]
[WhiteElo "1635"]
[BlackElo "1605"]
[PlyCount "52"]
[EventDate "1996.??.??"]

{1/(10)} 1. d4 f5 2. Nf3 Nf6 3. Bg5 e6 4. e3 Be7 5. Bxf6 Bxf6 6. Bd3 Nc6 7. c3
b6 8. e4 fxe4 9. Bxe4 Bb7 10. Qc2 g6 11. Nbd2 Qe7 12. O-O-O O-O-O 13. Qa4 Kb8
14. h4 Rhf8 15. Rde1 Qf7 16. Bc2 Na5 17. Ne4 Bc6 18. Qa3 Be7 19. b4 Qf4+ 20.
Kb1 Nc4 21. Qb3 Bd5 22. Ka1 Nd2 23. Qb2 Nxe4 24. Bd3 Nd6 25. Be2 Bxf3 26. Bxf3
Bxh4 0-1

[Event "Kalamazoo (MI Am/3/15)"]
[Site "?"]
[Date "1996.??.??"]
[Round "?"]
[White "Stockman, David"]
[Black "Dumas, Steve"]
[Result "1-0"]
[WhiteElo "1615"]
[BlackElo "1605"]
[PlyCount "99"]
[EventDate "1996.??.??"]

{3/(15)} 1. d4 Nf6 2. Bg5 c6 3. Nf3 Ne4 4. Bf4 Na6 5. c3 h6 6. Nbd2 Nf6 7. e4
g5 8. Bg3 d6 9. Qa4 Nc7 10. h3 a5 11. Bd3 b5 12. Qc2 Rg8 13. a4 Bd7 14. e5 Nfd5
15. exd6 exd6 16. O-O g4 17. Rfe1+ Be7 18. hxg4 Bxg4 19. axb5 cxb5 20. Bh4 Qd7
21. Nh2 O-O-O 22. Bxe7 Nxe7 23. Rxa5 Nf5 24. Nxg4 Nh4 25. Ne3 Rde8 26. Rea1 Kd8
27. Bf5 Nxf5 28. Qxf5 Qxf5 29. Nxf5 Re2 30. Rd1 Kd7 31. Ne3 f5 32. Kf1 Rxe3 33.
fxe3 Nd5 34. Kf2 Re8 35. Re1 Ke6 36. Rxb5 Nf6 37. e4 f4 38. Kf3 Rf8 39. Nc4 Kd7
40. Rb6 Ne8 41. Rb7+ Kc6 42. Rh7 Kb5 43. b3 Rg8 44. Rxh6 Rg3+ 45. Kxf4 Rxc3 46.
Nxd6+ Nxd6 47. Rxd6 Rxb3 48. Rc1 Ka5 49. Rd8 Ka4 50. Ra8+ 1-0

[Event "Kalamazoo (MI Am/1/22)"]
[Site "?"]
[Date "1996.??.??"]
[Round "?"]
[White "Stockman, David"]
[Black "Draper, M."]
[Result "0-1"]
[WhiteElo "1615"]
[BlackElo "1605"]
[PlyCount "90"]
[EventDate "1996.??.??"]

{1/(22)} 1. d4 d5 2. c4 e6 3. Nc3 Nf6 4. cxd5 exd5 5. Bg5 Be7 6. e3 O-O 7. Bd3
Nbd7 8. Nf3 Re8 9. O-O Nf8 10. Ne5 c6 11. Qf3 Ng6 12. a3 Rf8 13. Bxf6 Bxf6 14.
Nxg6 fxg6 15. Qe2 Bh4 16. b4 Qg5 17. g3 Bh3 18. f4 Qe7 19. Rfc1 Bf6 20. b5 Rae8
21. Re1 Qxe3+ 22. Qxe3 Rxe3 23. Rxe3 Bxd4 24. Nd1 Bxa1 25. Re7 Bd4+ 26. Kh1 Rb8
27. bxc6 bxc6 28. Rc7 Rc8 29. Rxc8+ Bxc8 30. Kg2 Bg4 31. Nf2 Bxf2 32. Kxf2 Bf5
33. Ba6 Kf7 34. Bb7 Bd7 35. Ke3 Ke6 36. g4 Kd6 37. h3 c5 38. Kd3 Bc6 39. Ba6 d4
40. Bc4 Bg2 41. Kd2 Bxh3 42. g5 Be6 43. Bd3 Bf5 44. Bc4 h6 45. Ke2 h5 0-1

[Event "Lansing (MOR/2/20)"]
[Site "?"]
[Date "1996.??.??"]
[Round "?"]
[White "Stockman, David"]
[Black "Brauker, J."]
[Result "1-0"]
[WhiteElo "1605"]
[BlackElo "1605"]
[PlyCount "69"]
[EventDate "1996.??.??"]

{2/(20)} 1. d4 Nf6 2. Bg5 e6 3. e4 Be7 4. Bxf6 Bxf6 5. Nf3 b6 6. e5 Be7 7. Bd3
Bb7 8. Nbd2 d6 9. exd6 cxd6 10. O-O Nd7 11. c3 O-O 12. Qc2 Nf6 13. Ng5 h6 14.
Nge4 Bxe4 15. Nxe4 Qd7 16. Nxf6+ Bxf6 17. f4 Rfc8 18. Qe2 a6 19. Bxa6 Rc7 20.
Bb5 Qc8 21. Rf2 Re7 22. Qf3 e5 23. fxe5 dxe5 24. d5 e4 25. Qe3 Bg5 26. Qe2 f5
27. Bc6 Rb8 28. Kh1 f4 29. Qc4 Kh8 30. h4 e3 31. Re2 f3 32. gxf3 Qh3+ 33. Kg1
Qg3+ 34. Rg2 Qxf3 35. d6 1-0

[Event "Lansing (MOR/4/23)"]
[Site "?"]
[Date "1996.??.??"]
[Round "?"]
[White "Stockman, David"]
[Black "Aldrich, Justin"]
[Result "0-1"]
[WhiteElo "1605"]
[BlackElo "1605"]
[PlyCount "76"]
[EventDate "1996.??.??"]

{4/(23)} 1. d4 d5 2. Nf3 Nf6 3. e3 e6 4. Bd3 Nbd7 5. Nbd2 c5 6. c3 Be7 7. O-O
O-O 8. e4 dxe4 9. Nxe4 cxd4 10. Nxd4 Nxe4 11. Bxe4 Nf6 12. Bd3 Re8 13. Bf4 Bc5
14. Nf3 Bd7 15. Ne5 Bd6 16. Nxf7 Kxf7 17. Bxd6 Bc6 18. Bg3 Qd5 19. f3 Rad8 20.
Be2 Qg5 21. Qb1 Rd2 22. f4 Qd5 23. Bf3 Qc5+ 24. Bf2 Bxf3 25. gxf3 Qh5 26. Bg3
Red8 27. b3 Qh3 28. Rf2 Rxf2 29. Kxf2 Rd2+ 30. Ke3 Qg2 31. Qf1 Nd5+ 32. Ke4
Nxc3+ 33. Ke3 Nd5+ 34. Ke4 Re2+ 35. Kd4 Rd2+ 36. Kc5 Rc2+ 37. Kd6 Rc6+ 38. Kd7
Nf6+ 0-1

[Event "Lansing (MOR/6/20)"]
[Site "?"]
[Date "1996.??.??"]
[Round "?"]
[White "Stockman, David"]
[Black "Abdul-Mujeeb, N."]
[Result "1-0"]
[WhiteElo "1605"]
[BlackElo "1605"]
[PlyCount "75"]
[EventDate "1996.??.??"]

{6/(20)} 1. d4 e6 2. Nf3 d5 3. e3 Nf6 4. Bd3 c5 5. c3 c4 6. Bc2 b5 7. a4 b4 8.
cxb4 Bxb4+ 9. Bd2 a5 10. Ne5 Nbd7 11. f4 O-O 12. Nc3 Ba6 13. O-O Qb6 14. Rf3
Qb7 15. Qe1 Ne4 16. Nxe4 dxe4 17. Rh3 Nxe5 18. fxe5 Bxd2 19. Qxd2 Qxb2 20. Rb1
c3 21. Qf2 Qa2 22. Rxh7 f6 23. Rxg7+ Kxg7 24. Qg3+ Kh8 25. Qh4+ Kg7 26. Bxe4
fxe5 27. Qh7+ Kf6 28. Qh4+ Kf7 29. dxe5 Rac8 30. Qh7+ Ke8 31. Bg6+ Kd8 32. Rd1+
Qd2 33. Rxd2+ cxd2 34. Qh4+ Kc7 35. Qe7+ Kb8 36. Qd6+ Ka8 37. Be4+ Bb7 38. Qa6+
1-0